<?xml version="1.0" encoding="UTF-8"?>
<collection xmlns="http://www.loc.gov/MARC21/slim">
 <record>
  <leader>00629nam a22001811a 4500</leader>
  <controlfield tag="001">000035771</controlfield>
  <controlfield tag="003">12063</controlfield>
  <controlfield tag="005">20160318111218.0</controlfield>
  <controlfield tag="008">160318s1998                  000</controlfield>
  <datafield tag="082" ind1=" " ind2=" ">
   <subfield code="a">940</subfield>
   <subfield code="b">BR-C</subfield>
  </datafield>
  <datafield tag="245" ind1=" " ind2=" ">
   <subfield code="a">Lịch sử phát triển văn hoá văn minh nhân loại : Văn minh phương Tây = Civilazation in the West / Crane Brinton, John B. Christopher, Robert Lee Wolff ; Nguyễn Văn Lương dịch.</subfield>
   <subfield code="c">Brinton, Crane</subfield>
  </datafield>
  <datafield tag="260" ind1=" " ind2=" ">
   <subfield code="a">Văn hoá thông tin</subfield>
   <subfield code="c">1998</subfield>
  </datafield>
  <datafield tag="OWN" ind1=" " ind2=" ">
   <subfield code="a">LNN</subfield>
  </datafield>
  <datafield tag="999" ind1=" " ind2=" ">
   <subfield code="a">From the UDN01</subfield>
  </datafield>
  <datafield tag="TYP" ind1=" " ind2=" ">
   <subfield code="a">Monograph</subfield>
  </datafield>
  <datafield tag="980" ind1=" " ind2=" ">
   <subfield code="a">Mạng thư viện Đại học Đà Nẵng</subfield>
  </datafield>
 </record>
</collection>
